00737 2200193 4500001002100000005001500021035002000036245005000056100001600106250001700122300002800139260003900167082000800206084001400214020002200228650002100250520025400271520001800525INLIS00000000000002420240319064259 a0010-03240000241 aApa Itu Halal :bWhat Is Halal /cAli Muakhir0 aAli Muakhir acetakan ke-1 a32 hlm :bilus ;c18 cm aJakarta :bBumi Aksara Kids,c2009 a2X4 a2X4 ALI a a978-979-010-503-4 4aCerita Bergambar aApa itu Halal? Perbuatan yang dihalalkan misalnya, menyembelih dengan menyebut nama Allah, jual beli, dan sebagainya. Dalam buku ini, beberapa contoh perbuatan yang dihalalkan, dijelaskan dengan sangat menghibur, sehingga kalian mudah memahaminya aSeri Muamalah